Obchodný register. 2
Zápis predmetu podnikania. Spôsoby začatia konania. Účastníci konania vo veciach registrového konania. Vykonanie zápisu. Priebeh konania. Rozhodnutie registrového súdu. Povinnosť podávať informácie registrovému súdu ohľadne údajov zapísaných v obchodnom registri. Zverejňovanie údajov v Obchodnom ves...
Na minha lista:
| Autor principal: | |
|---|---|
| Formato: | Capítulo de Livro |
| Idioma: | eslovaco |
| Assuntos: | |
| Tags: |
Sem tags, seja o primeiro a adicionar uma tag!
|
MARC
| LEADER | 00000naa a2200000 4500 | ||
|---|---|---|---|
| 001 | r021583 | ||
| 005 | 20230919112719.6 | ||
| 041 | 0 | |a slo | |
| 044 | |a SK | ||
| 245 | 1 | 0 | |a Obchodný register. 2 |c K. Patakyová |
| 520 | |a Zápis predmetu podnikania. Spôsoby začatia konania. Účastníci konania vo veciach registrového konania. Vykonanie zápisu. Priebeh konania. Rozhodnutie registrového súdu. Povinnosť podávať informácie registrovému súdu ohľadne údajov zapísaných v obchodnom registri. Zverejňovanie údajov v Obchodnom vestníku. | ||
| 610 | 2 | 0 | |a register obchodný |
| 610 | 2 | 0 | |a registre |
| 610 | 2 | 0 | |a podnikanie |
| 610 | 2 | 0 | |a živnosti |
| 610 | 2 | 0 | |a koncesie |
| 610 | 2 | 0 | |a informácie |
| 610 | 2 | 0 | |a osoby právnické |
| 610 | 2 | 0 | |a meno obchodné |
| 100 | 1 | |a Patakyová, K. | |